Tears on my pillow : (Record no. 33973)
[ view plain ]
| 000 -LEADER | |
|---|---|
| fixed length control field | 00693nam a22002297a 4500 |
| 008 - FIXED-LENGTH DATA ELEMENTS--GENERAL INFORMATION | |
| fixed length control field | 251203b |||||||| |||| 00| 0 eng d |
| 017 ## - LEGAL DEPOSIT NUMBER | |
| Legal deposit number | LD.8190 |
| 018 ## - LEGAL DEPOSIT YEAR | |
| LDD Year | 2025 |
| 020 ## - INTERNATIONAL STANDARD BOOK NUMBER | |
| ISBN | 9789786924823 |
| 040 ## - CATALOGING SOURCE | |
| Original cataloging agency | NLN |
| Language of cataloging | English |
| Description conventions | AACR2 |
| 100 ## - MAIN ENTRY--AUTHOR | |
| Author | AMEH, Omanibe B. |
| Relator term | aut |
| 245 ## - TITLE STATEMENT | |
| Title | Tears on my pillow : |
| Remainder of title | Surviving shame, finding strength vol. 1 / |
| Statement of responsibility, etc | Omanibe B. A. Ameh |
| 260 ## - PUBLICATION, DISTRIBUTION, ETC. (IMPRINT) | |
| Place of publication | [S.l.] : |
| Name of publisher | Oma Life Rescue Foundation, |
| Date of publication | 2025 |
| 300 ## - COLLATION | |
| Pagination | viii, 141p. ; |
| Other physical details | 21cm |
| 563 ## - BINDING INFORMATION | |
| Binding note | (hbk.) |
| 650 ## - TRACINGS | |
| Main Subject | Ameh, Omanibe B. A., 1985- |
| 650 ## - TRACINGS | |
| Main Subject | Clergy |
| Subdivision (1st) | Nigeria |
| Subdivision (2nd) | Biography |
| 942 ## - ADDED ENTRY ELEMENTS (KOHA) | |
| Item type | Books |
| Suppress in OPAC | No |
| 050 ## - LIBRARY OF CONGRESS CALL NUMBER | |
| Classification number | DT515.83.A498 |
| Item number | A3 |
| 082 ## - DEWEY DECIMAL CLASSIFICATION NUMBER | |
| Classification number | 922.9669 |
| Source of classification or shelving scheme | Not for loan | Home library | Current library | Date acquired | Mode of acquisition | Accession No. | Full call number | Barcode. | Copy number | Koha item type |
|---|---|---|---|---|---|---|---|---|---|---|
| Library of Congress Classification | ABUJA LIBRARY BRANCH | National Library of Nigeria | 03/12/2025 | Legal deposit | 466739 | DT515.83.A498 A3 | 466739 | 1 | Books | |
| Library of Congress Classification | GUSAU BRANCH | National Library of Nigeria | 03/12/2025 | Legal deposit | 466737 | DT515.83.A498 A3 | 466737 | 1 | Books | |
| Library of Congress Classification | KEBBI BRANCH | National Library of Nigeria | 03/12/2025 | Legal deposit | 466738 | DT515.83.A498 A3 | 466738 | 1 | Books |
